De la tierra a la luna /
Guardado en:
| Autor Principal: | |
|---|---|
| Formato: | Libro |
| Publicado: |
Rosario :
Libromundo,
2005
|
| Series: | Colección Julio Verne
|
| Materias: | |
| Etiquetas: |
Agregar Etiqueta
Sin Etiquetas, Sea el primero en etiquetar este registro!
|
| LEADER | 00585nam a22002175a 4500 | ||
|---|---|---|---|
| 001 | CEM.cems012121 | ||
| 005 | 20060519150400.0 | ||
| 008 | 130507s2005##################000#0#####d | ||
| 003 | CEMS | ||
| 020 | |a 9872230137 | ||
| 082 | 0 | 4 | |a 843.8 |
| 100 | 1 | |a Verne, Julio | |
| 245 | 1 | 0 | |a De la tierra a la luna / |c Julio Verne |
| 260 | |a Rosario : |b Libromundo, |c 2005 | ||
| 300 | |a 100 p. | ||
| 490 | 0 | |a Colección Julio Verne | |
| 653 | |a Ciencia ficción | ||
| 653 | |a Literatura | ||
| 653 | |a Novela francesa | ||
| 653 | |a Novelas | ||
| 859 | |a CEMS |b BIB. CEMS - 11 de abril |h 843.8 |i V594-11 |p 23357.06 |t Ej.1 | ||
